[Event "CHN-ch Blitz"]
[Site "Hohhot"]
[Date "2024.11.14"]
[Round "5"]
[White "Xu, Yi"]
[Black "Lu, Shanglei"]
[Result "0-1"]
[WhiteElo "2449"]
[BlackElo "2638"]
[PlyCount "82"]
[EventDate "2024.11.13"]
[EventType "swiss (blitz)"]
[EventRounds "9"]
[EventCountry "CHN"]
[SourceTitle "CB49_2024"]
[SourceDate "2024.12.04"]
[SourceVersion "1"]
[SourceVersionDate "2024.12.04"]
[SourceQuality "1"]

1. e4 c5 2. Nf3 d6 3. d4 cxd4 4. Nxd4 Nf6 5. Nc3 a6 6. Bc4 e6 7. Be3 b5 8. Bb3 Be7 9. f3 0-0 10. Qe2 Bb7 11. 0-0-0 Nbd7 12. Kb1 Rc8 13. g4 Rxc3 14. bxc3 Qc7 15. g5 Nh5 16. Rhg1 g6 17. Bc1 Nb6 18. f4 Na4 19. Bxa4 bxa4 20. Ka1 Rb8 21. Qe3 Bxe4 22. Ba3 Bd5 23. Rb1 Rc8 24. Rb4 Nxf4 25. Rgb1 Bxg5 26. h4 Bh6 27. h5 e5 28. hxg6 hxg6 29. Nf3 Bg7 30. Ng5 Qd8 31. Ne4 Bxe4 32. Qxe4 d5 33. Qe3 d4 34. Qe4 Nd5 35. Rb7 Nxc3 36. Qf3 Bf6 37. Rh1 e4 38. Qg2 d3 39. cxd3 exd3 40. Ra7 d2 41. Qh3 d1Q+ 0-1

[Event "CHN-ch Blitz"]
[Site "Hohhot"]
[Date "2024.11.13"]
[Round "1"]
[White "Huang, Renjie"]
[Black "Lu, Shanglei"]
[Result "1-0"]
[WhiteElo "2380"]
[BlackElo "2638"]
[PlyCount "63"]
[EventDate "2024.11.13"]
[EventType "swiss (blitz)"]
[EventRounds "9"]
[EventCountry "CHN"]
[SourceTitle "CB49_2024"]
[SourceDate "2024.12.04"]
[SourceVersion "1"]
[SourceVersionDate "2024.12.04"]
[SourceQuality "1"]

1. e4 c5 2. Nf3 d6 3. d4 cxd4 4. Nxd4 Nf6 5. Nc3 a6 6. Bd3 g6 7. f3 Bg7 8. Be3 Nc6 9. Qd2 Bd7 10. 0-0-0 Rc8 11. g4 Ne5 12. h4 b5 13. h5 e6 14. h6 Bf8 15. g5 Nh5 16. f4 Ng4 17. Be2 Nxe3 18. Qxe3 Nxf4 19. Qxf4 e5 20. Qd2 exd4 21. Nd5 Be7 22. Qxd4 Bxg5+ 23. Kb1 f6 24. Rhg1 Bh4 25. Nb6 Rc6 26. Nxd7 Kxd7 27. e5 fxe5 28. Bg4+ Ke7 29. Qd5 Qb6 30. Qe6+ Kf8 31. Rgf1+ Bf2 32. Rd2 1-0